Score 0/7 Timer 03:00
0 Plays Today
Question Answer Wrong Answers
President Barack Obama re-establishes US diplomatic relations with this country for the first time since 1960.
2014
Cuba
89.8%
China
3.2%
Libya
1.1%
Vietnam
3.8%
Jorge Mario Bergoglio, who would later become Pope Francis, is born in this country.
1936
Argentina
84%
Chile
6.1%
Spain
6.8%
Mexico
2.3%
Pope Paul III excommunicates this King of England as a consequence of the extensive campaign against 'idolatry' in England
1538
Henry VIII
80.8%
Richard the Lionheart
10.2%
Edward the Confessor
5.5%
Edward Longshanks
3.4%
This band, who released their final album, In Utero, 20 years earlier, is announced as an inductee to the Rock and Roll Hall of Fame.
2013
Nirvana
75.1%
The Police
9.1%
The Smiths
2.8%
Sex Pistols
11.1%
Diamonds Are Forever, Eon's final film featuring this actor as James Bond, is released in the US.
1971
Sean Connery
73.7%
Roger Moore
20.4%
Timothy Dalton
2.8%
George Lazenby
2.1%
Ugyen Wangchuck is crowned the first king of this landlocked Himalayan nation.
1907
Bhutan
70.2%
Myanmar
14.3%
Laos
8.1%
Tajikistan
7.2%
This Supreme Leader of North Korea dies at the age of 70.
2011
Kim Jong-il
65.9%
Kim Jong-un
21.7%
Kim Il-sung
10.3%
Kim Tu-bong
0.5%
Remove Ads.
Support Sporcle.
Get the best of Sporcle when you Go Orange. This ad-free experience offers more features, more stats, and more fun while also helping to support Sporcle. Thank you for becoming a member.

You're not logged in!

Compare scores with friends on all Sporcle quizzes.
OR
Log In

Show Comments

Extras

Top Quizzes Today


Score Distribution

Your Account Isn't Verified!

In order to create a playlist on Sporcle, you need to verify the email address you used during registration. Go to your Sporcle Settings to finish the process.

Report this User

Report this user for behavior that violates our Community Guidelines.

Details: